Loading...
| Science - Chemistry | 1 | 3 | 1 | 1 | 40 | 68 | 101.75 | 1 | 4 |
| History - World History | 2 | 0 | 1 | 0 | 25 | 76 | 82.00 | 2 | 2 |
| History - American History | 0 | 2 | 0 | 0 | 20 | 94 | 106.50 | 0 | 2 |
| Other - Other Academic | 0 | 2 | 1 | 1 | 15 | 110 | 118.50 | 0 | 2 |
| History - Other History | 0 | 2 | 1 | 0 | 15 | 95 | 97.50 | 0 | 2 |
| Thought - Social Science | 0 | 1 | 0 | 0 | 10 | 101 | 101.00 | 0 | 1 |
| Literature - American Lit | 0 | 1 | 0 | 1 | 10 | 159 | 159.00 | 0 | 1 |
| Science - Biology | 0 | 2 | 2 | 0 | 10 | 92 | 98.00 | 2 | 2 |
| Science - Engineering | 0 | 1 | 0 | 1 | 10 | 135 | 135.00 | 0 | 1 |
| Science - Physics | 0 | 1 | 0 | 1 | 10 | 138 | 138.00 | 0 | 1 |
| Thought - Philosophy | 0 | 1 | 0 | 1 | 10 | 127 | 127.00 | 0 | 1 |
| Arts - Painting | 0 | 1 | 0 | 0 | 10 | 125 | 125.00 | 0 | 1 |
| History - Euro History | 1 | 0 | 2 | 0 | 5 | 38 | 38.00 | 1 | 1 |
| Science - Other Science | 0 | 1 | 1 | 0 | 5 | 139 | 139.00 | 0 | 1 |
| Other - Pop Culture | 0 | 0 | 0 | 0 | 0 | 0.00 | 0 | 0 | |
| Other - Geo/CE | 0 | 0 | 1 | 0 | -5 | 0.00 | 0 | 0 | |
| Beliefs - Mythology | 0 | 0 | 1 | 0 | -5 | 0.00 | 0 | 0 |